000 00215nam a22000857a 4500
008 170104b xxu||||| |||| 00| 0 eng d
100 _92265
_aGupta.S
245 _aBuilding Bridges Volues-8
260 _aNew Delhi
_bGRB
_c2012
999 _c5152
_d5152